UM Logo

Focus on pathophysiology / (Record no. 7794)

MARC details
000 -LEADER
fixed length control field 00746nam a2200205 4500
008 - FIXED-LENGTH DATA ELEMENTS--GENERAL INFORMATION
fixed length control field 171120b xxu||||| |||| 00| 0 eng d
020 ## - INTERNATIONAL STANDARD BOOK NUMBER
International Standard Book Number 0781717361
082 ## - DEWEY DECIMAL CLASSIFICATION NUMBER
Edition number 2000
Classification number DC 616.07
Item number B87f
245 ## - TITLE STATEMENT
Title Focus on pathophysiology /
Statement of responsibility, etc. [edited by] Barbara L. Bullock, Reet L. Henze.
260 ## - PUBLICATION, DISTRIBUTION, ETC. (IMPRINT)
Place of publication, distribution, etc. Philadelphia, PA :
Name of publisher, distributor, etc. Lippincott Williams & Wilkins,
Date of publication, distribution, etc. ©2000.
300 ## - PHYSICAL DESCRIPTION
Extent xxviii, 1,231 pages :
Other physical details illustration ;
Dimensions 26 cm.
500 ## - GENERAL NOTE
General note Includes bibliographical references and index.
650 #0 - SUBJECT ADDED ENTRY--TOPICAL TERM
9 (RLIN) 23529
Topical term or geographic name as entry element Physiology, Pathological
650 #0 - SUBJECT ADDED ENTRY--TOPICAL TERM
9 (RLIN) 23530
Topical term or geographic name as entry element Pathology
650 #0 - SUBJECT ADDED ENTRY--TOPICAL TERM
9 (RLIN) 23531
Topical term or geographic name as entry element Physiological Phenomena
700 ## - ADDED ENTRY--PERSONAL NAME
9 (RLIN) 23532
Personal name Bullock, Barbara L., editor.
700 ## - ADDED ENTRY--PERSONAL NAME
9 (RLIN) 23533
Personal name Henze, Reet L., editor.
365 ## - TRADE PRICE
Price amount 748
Currency code Php
942 ## - ADDED ENTRY ELEMENTS (KOHA)
Source of classification or shelving scheme Dewey Decimal Classification
Koha item type Circulation
Holdings
Withdrawn status Lost status Source of classification or shelving scheme Damaged status Not for loan Collection code Home library Current library Date acquired Source of acquisition Total Checkouts Full call number Barcode Date last seen Copy number Price effective from Koha item type
    Dewey Decimal Classification     Circulation UM Digos College - LIC UM Digos College - LIC 09/28/2006 Purchased   DC 616.07 B87f 2000 18737 05/15/2025 1 11/20/2017 Circulation
    Dewey Decimal Classification     Circulation UM Digos College - LIC UM Digos College - LIC 09/28/2006 Purchased   DC 616.07 B87f 2000 18738 05/15/2025 2 12/08/2017 Circulation